LEADER 05653nam 2200673 450 001 9910797276803321 005 20230120002207.0 010 $a0-12-802814-9 035 $a(CKB)3710000000414773 035 $a(EBL)2055767 035 $a(OCoLC)910446901 035 $a(SSID)ssj0001539559 035 $a(PQKBManifestationID)11833826 035 $a(PQKBTitleCode)TC0001539559 035 $a(PQKBWorkID)11532860 035 $a(PQKB)10445133 035 $a(MiAaPQ)EBC2055767 035 $a(Au-PeEL)EBL2055767 035 $a(CaPaEBR)ebr11057250 035 $a(CaONFJC)MIL788118 035 $a(OCoLC)910102750 035 $a(EXLCZ)993710000000414773 100 $a20150602h20152015 uy 0 101 0 $aeng 135 $aur|n|---||||| 181 $ctxt 182 $cc 183 $acr 200 10$aPersonnel protection and safety equipment for the oil and gas industries /$fAlireza Bahadori, School of Environment Science and Engineering Southern Cross University Lismore, NSW Australia 210 1$aAmsterdam, Netherlands :$cGulf Professional Publishing,$d2015. 210 4$d©2015 215 $a1 online resource (598 p.) 300 $aDescription based upon print version of record. 311 $a0-12-802815-7 320 $aIncludes bibliographical references and index. 327 $a""Front Cover""; ""Personnel Protection and Safety Equipment for the Oil and Gas Industries""; ""Copyright Page""; ""Contents""; ""Biography""; ""Preface""; ""Acknowledgments""; ""1 Breathing apparatus for personnel safety and protection""; ""1.1 Introduction""; ""1.1.1 Minimal acceptable program""; ""1.1.2 Medical limitations""; ""1.1.3 Communication""; ""1.1.4 Use of unapproved respiratory protective devices""; ""1.2 Selection of respiratory protective equipment""; ""1.3 Severity and location of the hazard""; ""1.3.1 Nature of the hazard""; ""1.3.2 Storage""; ""1.4 Special considerations"" 327 $a""1.4.1 Corrective lenses with full facepieces""""1.4.2 Eyewear with half-mask facepiece""; ""1.5 Classification of respiratory protective equipment""; ""1.5.1 By purifying the air breathed""; ""1.5.2 By supplying air or oxygen from an uncontaminated source""; ""1.5.3 Self-contained breathing apparatus (SCBA)""; ""1.5.4 Open-circuit escape BA""; ""1.5.5 Closed-circuit escape breathing apparatus""; ""1.6 Fresh-air hose and compressed air-line breathing apparatus""; ""1.6.1 General requirements""; ""1.6.2 Compressed-air-line apparatus (Demand-Valve Type)""; ""1.6.3 Resistance to breathing"" 327 $a""1.6.4 Requirements for fresh-air hose apparatus""""1.6.5 Requirements for compressed-air-line apparatus""; ""1.6.6 High-efficiency dust respirators""; ""1.7 Positive-pressure, powered dust respirators""; ""1.7.1 Design""; ""1.7.2 Power pack""; ""1.8 Respirators for protection against harmful dust and gas""; ""1.9 Dust respirators""; ""1.9.1 Design""; ""1.10 Gas respirators, canister type""; ""1.10.1 Design""; ""1.10.2 Canisters""; ""1.11 Gas respirators, cartridge type""; ""1.11.1 Design""; ""1.12 Positive-pressure, powered dust hoods and suits""; ""1.12.1 Design""; ""1.12.2 Hood and suit"" 327 $a""1.12.3 Power pack""""1.13 Underwater breathing apparatus""; ""1.13.1 Cylinders""; ""1.13.2 Compressed air for human respiration""; ""1.14 Ventilatory resuscitators""; ""1.14.1 Classification""; ""1.14.2 Physical requirements""; ""1.14.3 Gas-Powered resuscitators""; ""1.14.4 Gas supply""; ""1.15 Nominal protection factor""; ""2 Masks and respiratory equipment materials""; ""2.1 Introduction""; ""2.2 Masks and respiratory equipment (Breathing apparatus)""; ""2.2.1 Classification of respiratory equipment""; ""2.2.2 Classification of environment"" 327 $a""2.2.3 Classification of respiratory protective devices (see Figure 2.2)""""2.2.4 Breathing apparatus""; ""2.3 Selection of breathing apparatus""; ""2.4 Respirators for dusts and gases""; ""2.4.1 Filtering facepiece dust respirators""; ""2.4.2 High-efficiency dust respirators""; ""2.4.3 Positive-pressure dust respirators""; ""2.4.4 Filters""; ""2.4.5 Harness""; ""2.4.6 Connecting fittings""; ""2.4.7 Performance requirement""; ""2.4.8 Marking""; ""2.5 Positive-pressure, powered dust hood and suits""; ""2.5.1 Construction""; ""2.5.2 Hood and suits""; ""2.5.3 Power pack"" 327 $a""2.5.4 Performance requirement"" 330 $aOil and gas companies are repeatedly cited by regulatory organizations for poor training and maintenance on providing personal protective equipment to their refinery workers. Managers of refinery and petrochemical plants are responsible for instructing their workers with the types of equipment available, how to properly wear the equipment, how to properly care and maintain the equipment, and, most importantly, it's their responsibility to enforce these regulations and safety requirements. While there are many reference materials on the subject, most are too broad to apply directly to the uniq 606 $aBreathing apparatus 606 $aPersonal protective equipment 606 $aGas industry$xSafety measures 606 $aPetroleum industry and trade$xSafety measures 615 0$aBreathing apparatus. 615 0$aPersonal protective equipment. 615 0$aGas industry$xSafety measures. 615 0$aPetroleum industry and trade$xSafety measures. 676 $a602 700 $aBahadori$b Alireza$0877892 801 0$bMiAaPQ 801 1$bMiAaPQ 801 2$bMiAaPQ 906 $aBOOK 912 $a9910797276803321 996 $aPersonnel protection and safety equipment for the oil and gas industries$93690831 997 $aUNINA LEADER 02836oam 2200481 450 001 9910418318103321 005 20230621135929.0 024 8 $ahttps://doi.org/10.30819/4889 035 $a(CKB)4100000011479702 035 $a(oapen)https://directory.doabooks.org/handle/20.500.12854/64418 035 $a(ScCtBLL)9092ba5a-93a1-4e76-bb8d-1c7747bcf8c3 035 $a(EXLCZ)994100000011479702 100 $a20210223h20192019 fy 0 101 0 $ager 135 $aur||#|||||||| 181 $ctxt$2rdacontent 182 $cc$2rdamedia 183 $acr$2rdacarrier 200 10$aQualitätsleitfaden Offshore-Kampfmittelbeseitigung /$fJens-Uwe Fischer, Torsten Frey, Robert Holländer 210 $aBerlin/Germany$cLogos Verlag Berlin$d2019 210 1$aBerlin, Germany :$cLogos Verlag Berlin GmbH,$d[2019] 210 4$d©2019 215 $a1 online resource (XVIII, 189 pages) $cillustrations, charts; digital file(s) 225 0 $aStudien zu Infrastruktur und Ressourcenmanagement ;$vBand 10 311 08$aPrint version: 3832548890 320 $aIncludes bibliographical references. 330 $aEuropaweit besteht großes Potenzial, die wirtschaftliche Nutzung der Meere auszudehnen. Jedoch befinden sich bis heute allein in deutschen Meeresgewässern ca. 1,6 Mio. Tonnen Kampfmittel. Für eine umfangreiche zukünftige Flächennutzung des Meerbodens stellen diese Kampfmittel ein Hindernis und eine Gefährdung dar. Als Folge des Wachstums der Offshore-Industrie und aufgrund ökologischer Notwendigkeiten steht eine Zunahme von Aktivitäten zur technischen Erkundung und zur Räumung von Kampfmitteln im Meer bevor. Um dieser Herausforderung systematisch zu begegnen, wurde der Qualitätsleitfaden Offshore-Kampfmittelbeseitigung entwickelt. Der Qualitätsleitfaden gilt für den Gesamtablauf der Kampfmittelbeseitigung im Meer mit dem abschließenden Ziel der Kampfmittelfreigabe von Flächen oder Punkten. Er umfasst die schreibtischbasierte Vorerkundung, die technische Erkundung zur Erstellung einer Verdachtspunktliste sowie die Untersuchung und Beräumung dieser Verdachtspunkte. Damit liegt nun ein vollumfängliches Dokument vor, dass für die involvierten Akteure eine Richtlinie für die Gewährleistung von hoher Qualität bei den Arbeiten der Offshore-Kampfmittelbeseitigung darstellt. 606 $aExplosives$xDisposal 610 $aKampfmittel 610 $aAltlasten 610 $aQualitätsmanagement 610 $aLeitfaden 610 $aOffshore 615 0$aExplosives$xDisposal. 676 $a623.2609162 700 $aFischer$b Jens-Uwe$0945150 702 $aFrey$b Torsten 702 $aHolländer$b Robert 801 0$bUkMaJRU 906 $aBOOK 912 $a9910418318103321 996 $aQualitätsleitfaden Offshore-Kampfmittelbeseitigung$92133773 997 $aUNINA